000 00464nam a22001697a 4500
003 MPLRDC
005 20220104114732.0
008 210129b ||||| |||| 00| 0 eng d
082 _a524.961 MES v.5A 1970*
100 _a马来亚教育供应社有限公司编辑委员会
245 _a语文精读课本. 五上
_c
250 _a五印
260 _a
_b马来亚教育供应社有限
_c1980
300 _b
650 _a
942 _cBK
_o524.961 MES v.5A 1970*
999 _c9812
_d9802